[Event "HUN-chT2 Erkel 0809"]
[Site "Hungary"]
[Date "2009.04.05"]
[Round "10.3"]
[White "Antal, Sebestyen Jr"]
[Black "Bauer, Peter2222"]
[Result "1/2-1/2"]
[WhiteElo "2224"]
[BlackElo "2155"]
[PlyCount "86"]
[EventDate "2008.10.26"]
[EventType "team-tourn"]
[EventRounds "11"]
[EventCountry "HUN"]
[SourceTitle "EXT 2010"]
[Source "ChessBase"]
[SourceDate "2010.11.25"]
[SourceVersion "1"]
[SourceVersionDate "2010.11.25"]
[SourceQuality "1"]
[WhiteTeam "PSE II"]
[BlackTeam "Vaci"]
[WhiteTeamCountry "HUN"]
[BlackTeamCountry "HUN"]

1. e4 e6 2. Nc3 d5 3. d4 Nf6 4. e5 Nfd7 5. f4 c5 6. Nf3 a6 7. Be3 Nc6 8. Qd2 cxd4 9. Nxd4 Nxd4 10. Bxd4 Bc5 11. 0-0-0 Bxd4 12. Qxd4 Qb6 13. Qd2 g6 14. g4 h5 15. Be2 hxg4 16. Bxg4 Nc5 17. f5 gxf5 18. Bxf5 Qc6 19. Qg5 Qc7 20. Qg7 Rf8 21. Bg6 Qe7 22. Bh5 Bd7 23. h4 0-0-0 24. Rd4 Bc6 25. Rhd1 Kb8 26. a3 Qc7 27. Rf4 f5 28. Qxc7+ Kxc7 29. Bg6 Be8 30. Bxe8 Rfxe8 31. Na4 Ne4 32. Nc3 Rg8 33. Rh1 Ng3 34. Rh2 Nh5 35. Rd4 Rg4 36. Kd2 Ng3 37. Kd3 Rh8 38. Rh3 Ne4 39. Nxe4 fxe4+ 40. Ke3 b5 41. b3 Rh5 42. Rd2 Rxe5 43. h5 Rf5 1/2-1/2

[Event "HUN-chT2 Maroczy 0708"]
[Site "Hungary"]
[Date "2008.03.02"]
[Round "7"]
[White "Keresztes, Mark"]
[Black "Antal, Sebestyen Jr"]
[Result "1-0"]
[WhiteElo "2130"]
[BlackElo "2237"]
[PlyCount "69"]
[EventDate "2007.10.14"]
[EventType "team"]
[EventRounds "11"]
[EventCountry "HUN"]
[SourceTitle "EXT 2009"]
[Source "ChessBase"]
[SourceDate "2008.11.26"]
[SourceVersion "1"]
[SourceVersionDate "2008.11.26"]
[SourceQuality "1"]
[WhiteTeam "Barcza"]
[BlackTeam "Penzugyor"]
[WhiteTeamCountry "HUN"]
[BlackTeamCountry "HUN"]

1. c4 g6 2. Nc3 Bg7 3. e4 d6 4. d4 Nd7 5. Be3 Ngf6 6. Be2 e5 7. d5 Nc5 8. f3 a5 9. g4 Nfd7 10. h4 f5 11. f4 exf4 12. Bd4 Bxd4 13. Qxd4 Qf6 14. Qxf6 Nxf6 15. exf5 gxf5 16. g5 Nfe4 17. Nb5 Kd8 18. Nf3 Re8 19. Rh2 a4 20. 0-0-0 c6 21. dxc6 bxc6 22. Nxd6 Nxd6 23. Rxd6+ Kc7 24. Rf6 Re7 25. Nd4 Ne4 26. Rxc6+ Kb7 27. Rh6 Bd7 28. g6 hxg6 29. Rxg6 Rd8 30. h5 Rh7 31. h6 Rdh8 32. Bf3 Kc7 33. c5 Rd8 34. c6 Bc8 35. Nb5+ 1-0

[Event "HUN-chT2 Charousek 0607"]
[Site "Hungary"]
[Date "2007.04.29"]
[Round "9"]
[White "Antal, Sebestyen Jr"]
[Black "Taskovits, Istvan"]
[Result "1/2-1/2"]
[WhiteElo "2206"]
[BlackElo "2331"]
[PlyCount "161"]
[EventDate "2006.11.12"]
[EventType "team"]
[EventRounds "11"]
[EventCountry "HUN"]
[SourceTitle "EXT 2008"]
[Source "ChessBase"]
[SourceDate "2007.11.25"]
[SourceVersion "1"]
[SourceVersionDate "2007.11.25"]
[SourceQuality "1"]
[WhiteTeam "Penzugyor"]
[BlackTeam "Decs"]
[WhiteTeamCountry "HUN"]
[BlackTeamCountry "HUN"]

1. e4 c5 2. Nf3 e6 3. d4 cxd4 4. Nxd4 a6 5. Nc3 b5 6. Bd3 Bc5 7. Nb3 Be7 8. 0-0 d6 9. a4 b4 10. Na2 Nc6 11. Bd2 Rb8 12. Qe2 a5 13. Bb5 Bd7 14. c3 Nf6 15. cxb4 axb4 16. Nxb4 Nxb4 17. Bxb4 Bxb5 18. axb5 Qb6 19. Rfd1 0-0 20. Nd4 Rfe8 21. Ra6 Qb7 22. e5 dxe5 23. Bxe7 exd4 24. Bxf6 gxf6 25. Qg4+ Kf8 26. Qxd4 Qxb5 27. Qd6+ Kg7 28. Qg3+ Qg5 29. Qa3 Red8 30. Rf1 Rd2 31. Qe7 Qd5 32. Ra7 e5 33. Ra3 Rb3 34. Ra6 Qd8 35. Qxd8 Rxd8 36. Ra2 Rd2 37. Rb1 Rbd3 38. Kf1 Rc2 39. Ra3 Rxb2 40. Rxd3 Rxb1+ 41. Ke2 Rb2+ 42. Ke1 h5 43. Rg3+ Kh6 44. Rh3 f5 45. Re3 f6 46. Rf3 f4 47. g3 fxg3 48. hxg3 Kg5 49. Kf1 f5 50. Ra3 Kg4 51. Kg2 e4 52. Ra8 Kg5 53. Kf1 Rb6 54. Kg2 Rc6 55. Rb8 Rg6 56. Rh8 f4 57. gxf4+ Kxf4+ 58. Kf1 Rg5 59. Rf8+ Rf5 60. Rh8 Kf3 61. Rh7 Kg4 62. Re7 Kf4 63. Rh7 Ra5 64. Rf7+ Kg4 65. Re7 Kf4 66. Rh7 Re5 67. Rh8 Kg4 68. Rg8+ Kh3 69. Rg3+ Kh4 70. Rg8 Rg5 71. Re8 Rg4 72. Rf8 Kh3 73. f3 exf3 74. Rxf3+ Kh2 75. Rf2+ Kg3 76. Kg1 Ra4 77. Rg2+ Kh4 78. Rh2+ Kg5 79. Rg2+ Rg4 80. Kh2 Kf4 81. Ra2 1/2-1/2

[Event "HUN-chT2 Charousek 0607"]
[Site "Hungary"]
[Date "2007.02.18"]
[Round "5"]
[White "Supancic, Darko"]
[Black "Antal, Sebestyen Jr"]
[Result "1/2-1/2"]
[WhiteElo "2378"]
[BlackElo "2206"]
[PlyCount "46"]
[EventDate "2006.11.12"]
[EventType "team"]
[EventRounds "11"]
[EventCountry "HUN"]
[SourceTitle "EXT 2008"]
[Source "ChessBase"]
[SourceDate "2007.11.25"]
[SourceVersion "1"]
[SourceVersionDate "2007.11.25"]
[SourceQuality "1"]
[WhiteTeam "Nagykanizsa II"]
[BlackTeam "Penzugyor"]
[WhiteTeamCountry "HUN"]
[BlackTeamCountry "HUN"]

1. e4 c5 2. Nf3 d6 3. d4 cxd4 4. Nxd4 Nf6 5. f3 Nc6 6. c4 e6 7. Nc3 Be7 8. Be3 0-0 9. Nc2 Re8 10. Qd2 d5 11. cxd5 exd5 12. Nxd5 Nxd5 13. exd5 Nb4 14. Nxb4 Bxb4 15. Qxb4 Rxe3+ 16. Kf2 Re5 17. d6 Rd5 18. Be2 a5 19. Qe4 Rxd6 20. Rhd1 Qb6+ 21. Qe3 Be6 22. Qxb6 Rxb6 23. Rd2 Rc8 1/2-1/2

[Event "HUN-chT2 Maroczy 0506"]
[Site "Hungary"]
[Date "2006.03.19"]
[Round "9"]
[White "Bernei, Andras"]
[Black "Antal, Sebestyen Jr"]
[Result "1-0"]
[WhiteElo "2280"]
[BlackElo "2215"]
[PlyCount "57"]
[EventDate "2005.10.16"]
[EventType "team"]
[EventRounds "11"]
[EventCountry "HUN"]
[SourceTitle "EXT 2009"]
[Source "ChessBase"]
[SourceDate "2008.11.26"]
[SourceVersion "1"]
[SourceVersionDate "2008.11.26"]
[SourceQuality "1"]
[WhiteTeam "Vasas"]
[BlackTeam "Penzugyor"]
[WhiteTeamCountry "HUN"]
[BlackTeamCountry "HUN"]

1. Nf3 g6 2. d4 Bg7 3. c4 d6 4. Nc3 Nd7 5. g3 c5 6. Bg2 Ngf6 7. 0-0 0-0 8. b3 Rb8 9. Bb2 a6 10. Rc1 Qa5 11. dxc5 Nxc5 12. a3 Qb6 13. b4 Bh6 14. e3 Bf5 15. Qd4 e5 16. Nxe5 dxe5 17. Qxc5 Qxc5 18. bxc5 Bd3 19. Rfd1 Bxc4 20. Ne4 Nxe4 21. Rxc4 f5 22. Bxe4 fxe4 23. Rxe4 Rbc8 24. Rd5 b6 25. Bxe5 bxc5 26. Rc4 Rfe8 27. Rcxc5 Rxc5 28. Rxc5 Bf8 29. Ra5 1-0

[Event "HUN-chT2 Erkel 0405"]
[Site "Hungary"]
[Date "2005.04.10"]
[Round "10"]
[White "Csoke, Krisztian"]
[Black "Antal, Sebestyen Jr"]
[Result "1/2-1/2"]
[WhiteElo "2243"]
[BlackElo "2212"]
[PlyCount "29"]
[EventDate "2004.09.26"]
[EventType "team"]
[EventRounds "11"]
[EventCountry "HUN"]
[SourceTitle "EXT 2009"]
[Source "ChessBase"]
[SourceDate "2008.11.26"]
[SourceVersion "1"]
[SourceVersionDate "2008.11.26"]
[SourceQuality "1"]
[WhiteTeam "Metroepszolg"]
[BlackTeam "Penzugyor II"]
[WhiteTeamCountry "HUN"]
[BlackTeamCountry "HUN"]

1. e4 c5 2. Nf3 d6 3. Bb5+ Nc6 4. 0-0 Nf6 5. e5 dxe5 6. Nxe5 Qc7 7. Qf3 Bd7 8. Nxd7 Qxd7 9. Bxc6 bxc6 10. Nc3 e6 11. d3 Nd5 12. Ne4 Be7 13. Qg3 f5 14. Qxg7 0-0-0 15. c4 1/2-1/2

[Event "HUN-chT2 Maroczy 0405"]
[Site "Hungary"]
[Date "2005.02.06"]
[Round "7"]
[White "Antal, Sebestyen Jr"]
[Black "Kovacs, Istvan2222"]
[Result "1-0"]
[WhiteElo "2212"]
[BlackElo "2111"]
[PlyCount "61"]
[EventDate "2004.09.26"]
[EventType "team"]
[EventRounds "11"]
[EventCountry "HUN"]
[SourceTitle "EXT 2008"]
[Source "ChessBase"]
[SourceDate "2007.11.25"]
[SourceVersion "1"]
[SourceVersionDate "2007.11.25"]
[SourceQuality "1"]
[WhiteTeam "Penzugyor"]
[BlackTeam "Biogal"]
[WhiteTeamCountry "HUN"]
[BlackTeamCountry "HUN"]

1. e4 e6 2. d4 d5 3. Nc3 Nf6 4. Bg5 Bb4 5. e5 h6 6. Bd2 Bxc3 7. bxc3 Ne4 8. Qg4 Kf8 9. h4 c5 10. Bd3 Nc6 11. Bxe4 dxe4 12. Qxe4 cxd4 13. Nf3 dxc3 14. Bxc3 Qd5 15. Qe3 g6 16. 0-0 Kg7 17. Rfc1 b6 18. Qf4 Qc5 19. Bd2 Qe7 20. Nh2 Bb7 21. c4 Rad8 22. Be3 Rd7 23. Rd1 Rxd1+ 24. Rxd1 Ba6 25. g3 Na5 26. Rc1 Nb7 27. Ng4 Nc5 28. Rd1 g5 29. hxg5 hxg5 30. Qxg5+ Qxg5 31. Bxg5 1-0

[Event "HUN-chT2 Maroczy 0405"]
[Site "Hungary"]
[Date "2005.01.23"]
[Round "6"]
[White "Antal, Sebestyen Jr"]
[Black "Kormos, Andras"]
[Result "1-0"]
[WhiteElo "2212"]
[BlackElo "2076"]
[PlyCount "55"]
[EventDate "2004.09.26"]
[EventType "team"]
[EventRounds "11"]
[EventCountry "HUN"]
[SourceTitle "EXT 2008"]
[Source "ChessBase"]
[SourceDate "2007.11.25"]
[SourceVersion "1"]
[SourceVersionDate "2007.11.25"]
[SourceQuality "1"]
[WhiteTeam "Penzugyor"]
[BlackTeam "BEAC II"]
[WhiteTeamCountry "HUN"]
[BlackTeamCountry "HUN"]

1. e4 g6 2. d4 Bg7 3. Nc3 d6 4. Bg5 c6 5. Qd2 h6 6. Be3 b5 7. f4 Nf6 8. Bd3 Ng4 9. e5 Qb6 10. Nf3 Nxe3 11. Qxe3 0-0 12. 0-0 b4 13. Ne4 dxe5 14. fxe5 Bf5 15. Nc5 e6 16. Bxf5 exf5 17. Qb3 Kh7 18. h4 Qb5 19. h5 g5 20. a4 bxa3 21. Rxa3 Qxb3 22. Rxb3 Rd8 23. Rb7 Kg8 24. e6 Rf8 25. Re1 g4 26. Ne5 Bf6 27. exf7+ Kh7 28. c3 1-0

[Event "HUN-chT2 Maroczy 0405"]
[Site "Hungary"]
[Date "2004.11.21"]
[Round "3"]
[White "Antal, Sebestyen Jr"]
[Black "Balo, Tamas"]
[Result "0-1"]
[WhiteElo "2212"]
[BlackElo "2010"]
[PlyCount "64"]
[EventDate "2004.09.26"]
[EventType "team"]
[EventRounds "11"]
[EventCountry "HUN"]
[SourceTitle "EXT 2008"]
[Source "ChessBase"]
[SourceDate "2007.11.25"]
[SourceVersion "1"]
[SourceVersionDate "2007.11.25"]
[SourceQuality "1"]
[WhiteTeam "Penzugyor"]
[BlackTeam "Miskolc"]
[WhiteTeamCountry "HUN"]
[BlackTeamCountry "HUN"]

1. e4 d5 2. exd5 Nf6 3. d4 Bg4 4. Nf3 Qxd5 5. Be2 Nc6 6. c4 Qf5 7. Be3 g6 8. Nc3 Bg7 9. 0-0 Rd8 10. h3 h5 11. Nb5 Bxf3 12. Bxf3 0-0 13. Bxc6 bxc6 14. Nxa7 Qe6 15. Qa4 Ra8 16. Rfd1 Rfb8 17. Qa5 Qxc4 18. Qxc7 Qa6 19. Nxc6 Rb7 20. Nxe7+ Kf8 21. Nxg6+ fxg6 22. Qc2 Nd5 23. Qc5+ Ne7 24. a4 Rxb2 25. d5 Rc8 26. Qa3 Rd8 27. Bc5 Rb7 28. d6 Nf5 29. Rac1 Bb2 30. d7+ Kg7 31. Qf3 Bxc1 32. Rxc1 Rbxd7 0-1

[Event "HUN-chT2 Maroczy 0405"]
[Site "Hungary"]
[Date "2004.09.26"]
[Round "1"]
[White "Antal, Sebestyen Jr"]
[Black "Torok, Adam"]
[Result "0-1"]
[WhiteElo "2212"]
[BlackElo "2170"]
[PlyCount "54"]
[EventDate "2004.09.26"]
[EventType "team"]
[EventRounds "11"]
[EventCountry "HUN"]
[SourceTitle "EXT 2008"]
[Source "ChessBase"]
[SourceDate "2007.11.25"]
[SourceVersion "1"]
[SourceVersionDate "2007.11.25"]
[SourceQuality "1"]
[WhiteTeam "Penzugyor"]
[BlackTeam "Vizugy"]
[WhiteTeamCountry "HUN"]
[BlackTeamCountry "HUN"]

1. e4 g6 2. d4 Bg7 3. Nc3 d6 4. Be3 Nd7 5. Qd2 c6 6. Nf3 e5 7. Bc4 Ngf6 8. dxe5 dxe5 9. 0-0-0 Qe7 10. Ng5 0-0 11. h4 b5 12. Be2 b4 13. Na4 h6 14. h5 hxg5 15. Bxg5 Qe6 16. b3 Nxe4 17. Qe3 Nxg5 18. Qxg5 Qf6 19. Qe3 e4 20. c3 g5 21. h6 Bxh6 22. Qxe4 Nb6 23. Bd3 Qg7 24. Qxc6 Be6 25. Nc5 Qxc3+ 26. Kb1 Rfc8 27. Qe4 Bg7 0-1

[Event "HUN-chT2 Charousek 0203"]
[Site "Hungary"]
[Date "2003.04.13"]
[Round "11.5"]
[White "Dekic, Josip"]
[Black "Antal, Sebestyen Jr"]
[Result "1-0"]
[WhiteElo "2290"]
[BlackElo "2190"]
[PlyCount "93"]
[EventDate "2002.09.22"]
[EventType "team"]
[EventRounds "11"]
[EventCountry "HUN"]
[SourceTitle "EXT 2004"]
[Source "ChessBase"]
[SourceDate "2003.11.25"]
[SourceVersion "1"]
[SourceVersionDate "2003.11.25"]
[SourceQuality "1"]
[WhiteTeam "Matador"]
[BlackTeam "Penzugyor"]
[WhiteTeamCountry "HUN"]
[BlackTeamCountry "HUN"]

1. e4 c5 2. Nf3 d6 3. d4 cxd4 4. Nxd4 Nf6 5. Nc3 g6 6. Bc4 Bg7 7. h3 0-0 8. Bb3 b6 9. 0-0 Bb7 10. Re1 Nbd7 11. Bg5 h6 12. Bh4 Rc8 13. Nd5 Rc5 14. c3 e5 15. Bxf6 Nxf6 16. Nxf6+ Bxf6 17. Nc2 d5 18. exd5 Bxd5 19. Ne3 Bxb3 20. axb3 a5 21. Qe2 Bg7 22. Rad1 Qe7 23. b4 axb4 24. Nd5 Qe6 25. Nxb4 Re8 26. Rd2 e4 27. Red1 Be5 28. Nd5 Kg7 29. Kf1 Bb8 30. Rd4 Qe5 31. g3 e3 32. Nxe3 Qe6 33. Kg2 Rg5 34. Rg4 Qc6+ 35. Qf3 Qxf3+ 36. Kxf3 Rb5 37. Rd2 h5 38. Rc4 Be5 39. Rc6 Re6 40. Rxe6 fxe6 41. Nc4 Kf6 42. Ke4 Bc7 43. b4 Be5 44. Rd3 Bc7 45. f4 h4 46. Rd7 hxg3 47. Ne3 1-0

[Event "HUN-chT2 Charousek 0203"]
[Site "Hungary"]
[Date "2002.10.13"]
[Round "2.8"]
[White "Domotor, Jozsef"]
[Black "Antal, Sebestyen Jr"]
[Result "1-0"]
[WhiteElo "2103"]
[BlackElo "2190"]
[PlyCount "63"]
[EventDate "2002.09.22"]
[EventType "team"]
[EventRounds "11"]
[EventCountry "HUN"]
[SourceTitle "EXT 2004"]
[Source "ChessBase"]
[SourceDate "2003.11.25"]
[SourceVersion "1"]
[SourceVersionDate "2003.11.25"]
[SourceQuality "1"]
[WhiteTeam "Lenti"]
[BlackTeam "Penzugyor"]
[WhiteTeamCountry "HUN"]
[BlackTeamCountry "HUN"]

1. d4 Nf6 2. Nf3 g6 3. c4 Bg7 4. Nc3 0-0 5. e4 d6 6. Be2 e5 7. dxe5 dxe5 8. Qxd8 Rxd8 9. Bg5 c6 10. Nxe5 Na6 11. Nxf7 Kxf7 12. e5 Nb4 13. 0-0 Bf5 14. Bxf6 Bxf6 15. exf6 Rd2 16. g4 Rxe2 17. gxf5 Rxb2 18. fxg6+ hxg6 19. Rab1 Nd3 20. Ne4 b6 21. Rxb2 Nxb2 22. c5 bxc5 23. Rb1 Rb8 24. Nxc5 Rb4 25. a3 Rb6 26. Re1 Kxf6 27. Nd7+ Kf5 28. Nxb6 axb6 29. Rb1 Nc4 30. Rb4 b5 31. a4 Nd6 32. axb5 1-0

[Event "HUN-chT 0001"]
[Site "Hungary"]
[Date "2001.04.08"]
[Round "10"]
[White "Krutti, Valer"]
[Black "Antal, Sebestyen Jr"]
[Result "1-0"]
[WhiteElo "2397"]
[BlackElo "2272"]
[PlyCount "51"]
[EventDate "2000.11.26"]
[EventType "team"]
[EventRounds "11"]
[EventCountry "HUN"]
[SourceTitle "EXT 2009"]
[Source "ChessBase"]
[SourceDate "2008.11.26"]
[SourceVersion "1"]
[SourceVersionDate "2008.11.26"]
[SourceQuality "1"]
[WhiteTeam "Nagykanizsa"]
[BlackTeam "Penzugyor"]
[WhiteTeamCountry "HUN"]
[BlackTeamCountry "HUN"]

1. d4 b5 2. e4 a6 3. Bd3 Bb7 4. Nf3 e6 5. 0-0 c5 6. c3 Nc6 7. Re1 cxd4 8. cxd4 Qb6 9. Bf1 Nf6 10. Bg5 h6 11. Bxf6 gxf6 12. Nc3 Rc8 13. Rc1 h5 14. a3 Na5 15. Qd3 Bh6 16. Rc2 Nc4 17. a4 Bf8 18. axb5 axb5 19. d5 Bb4 20. Rec1 Ba6 21. b3 Na3 22. Na4 Qb8 23. dxe6 dxe6 24. Rxc8+ Bxc8 25. Nb6 Ke7 26. Rxc8 1-0

[Event "HUN-chT 0001"]
[Site "Hungary"]
[Date "2001.02.25"]
[Round "7"]
[White "Antal, Sebestyen Jr"]
[Black "Mozes, Ervin"]
[Result "1/2-1/2"]
[WhiteElo "2272"]
[BlackElo "2379"]
[PlyCount "59"]
[EventDate "2000.11.26"]
[EventType "team"]
[EventRounds "11"]
[EventCountry "HUN"]
[SourceTitle "EXT 2009"]
[Source "ChessBase"]
[SourceDate "2008.11.26"]
[SourceVersion "1"]
[SourceVersionDate "2008.11.26"]
[SourceQuality "1"]
[WhiteTeam "Penzugyor"]
[BlackTeam "Miskolc"]
[WhiteTeamCountry "HUN"]
[BlackTeamCountry "HUN"]

1. e4 Nf6 2. e5 Nd5 3. d4 d6 4. Nf3 c6 5. c4 Nc7 6. exd6 exd6 7. Nc3 Be7 8. Be2 0-0 9. 0-0 d5 10. h3 dxc4 11. Bxc4 Be6 12. Bxe6 Nxe6 13. d5 Nc7 14. Qb3 Qc8 15. Bf4 Nxd5 16. Nxd5 cxd5 17. Qxd5 Nc6 18. Rac1 Qd8 19. Qb5 Qb6 20. Qxb6 axb6 21. a3 Bf6 22. Rc2 Rfe8 23. Rd1 Rad8 24. Rxd8 Rxd8 25. Bd2 Rd5 26. Kf1 Kf8 27. Ke2 b5 28. Bc3 Be7 29. Rd2 Rxd2+ 30. Bxd2 1/2-1/2

[Event "HUN-ch op"]
[Site "Zalakaros"]
[Date "2001.??.??"]
[Round "9"]
[White "Antal, Sebestyen Jr"]
[Black "Domotor, Jozsef"]
[Result "1-0"]
[WhiteElo "2272"]
[BlackElo "2117"]
[PlyCount "59"]
[EventDate "2001.??.??"]
[EventType "swiss"]
[EventRounds "9"]
[EventCountry "HUN"]
[SourceTitle "EXT 2002"]
[Source "ChessBase"]
[SourceDate "2001.11.25"]
[SourceVersion "1"]
[SourceVersionDate "2001.11.25"]
[SourceQuality "1"]

1. e4 c5 2. Nf3 Nc6 3. d4 cxd4 4. Nxd4 Qc7 5. Nc3 Nf6 6. Be2 e6 7. 0-0 a6 8. Be3 Bb4 9. Na4 Be7 10. Nxc6 bxc6 11. Nb6 Rb8 12. Nxc8 Qxc8 13. e5 Nd5 14. Bc1 0-0 15. Qd3 f6 16. exf6 Bxf6 17. Qa3 Nb4 18. Qa4 Nd5 19. c3 Ra8 20. Qe4 Qc7 21. c4 Ne7 22. Bf4 Qa5 23. Rad1 Qxa2 24. Rxd7 Qxb2 25. Qxe6+ Kh8 26. Bd6 a5 27. Bxe7 Bxe7 28. Rxe7 a4 29. Qe5 a3 30. Bd3 1-0

[Event "HUN-ch op"]
[Site "Zalakaros"]
[Date "2001.??.??"]
[Round "8"]
[White "Feher, Gyula"]
[Black "Antal, Sebestyen Jr"]
[Result "1-0"]
[WhiteElo "2409"]
[BlackElo "2272"]
[PlyCount "93"]
[EventDate "2001.??.??"]
[EventType "swiss"]
[EventRounds "9"]
[EventCountry "HUN"]
[SourceTitle "EXT 2002"]
[Source "ChessBase"]
[SourceDate "2001.11.25"]
[SourceVersion "1"]
[SourceVersionDate "2001.11.25"]
[SourceQuality "1"]

1. e4 c5 2. Nf3 d6 3. d4 cxd4 4. Nxd4 Nf6 5. Nc3 g6 6. Be3 Bg7 7. f3 Nc6 8. Qd2 Bd7 9. g4 h5 10. g5 Nh7 11. 0-0-0 Rc8 12. Kb1 0-0 13. h4 Ne5 14. f4 Ng4 15. Bg1 Re8 16. Rh3 Nf8 17. Rd3 a6 18. Nb3 Be6 19. Nd5 Bxd5 20. Rxd5 Qc7 21. c3 b5 22. Qd3 Qc6 23. Qf3 Nd7 24. e5 dxe5 25. Na5 Qa8 26. Bg2 Nf8 27. Qe2 Qb8 28. fxe5 Ne6 29. Rf1 Bxe5 30. Qe4 Bg7 31. Bh3 Qg3 32. Rd3 Qxh4 33. Rxf7 Kxf7 34. Rf3+ Kg8 35. Qxe6+ Kh7 36. Rf7 Qxg5 37. Bd4 Nf6 38. Nc6 Rxc6 39. Qxc6 Qh4 40. Be6 Qe1+ 41. Kc2 Qe2+ 42. Kb3 a5 43. a3 Rf8 44. Rxe7 Kh6 45. Qd6 Qf3 46. Rxg7 Ne8 47. Qe7 1-0

[Event "HUN-chT 0001"]
[Site "Hungary"]
[Date "2000.11.26"]
[Round "1"]
[White "Antal, Sebestyen Jr"]
[Black "Lorincz, Istvan"]
[Result "0-1"]
[WhiteElo "2272"]
[BlackElo "2383"]
[PlyCount "74"]
[EventDate "2000.11.26"]
[EventType "team"]
[EventRounds "11"]
[EventCountry "HUN"]
[SourceTitle "EXT 2009"]
[Source "ChessBase"]
[SourceDate "2008.11.26"]
[SourceVersion "1"]
[SourceVersionDate "2008.11.26"]
[SourceQuality "1"]
[WhiteTeam "Penzugyor"]
[BlackTeam "Statisztika"]
[WhiteTeamCountry "HUN"]
[BlackTeamCountry "HUN"]

1. e4 c6 2. d4 d5 3. Nc3 dxe4 4. Nxe4 Bf5 5. Ng3 Bg6 6. Nf3 Nd7 7. h4 h6 8. h5 Bh7 9. Bd3 Bxd3 10. Qxd3 Ngf6 11. Bd2 e6 12. 0-0-0 Be7 13. Qe2 0-0 14. Kb1 c5 15. Rhe1 Qb6 16. dxc5 Bxc5 17. Be3 Nd5 18. Bxc5 Nxc5 19. Ka1 Rac8 20. Nd4 Na4 21. Nb3 Nac3 22. bxc3 Nxc3 23. Qg4 Qa6 24. Nc1 Rc4 25. Rd4 Rfc8 26. Nge2 Nd5 27. c3 Nxc3 28. Nxc3 Rxc3 29. Kb1 Qb5+ 30. Rb4 Rxc1+ 31. Rxc1 Qd3+ 32. Kb2 Qd2+ 33. Kb3 Qxc1 34. Rc4 Qxc4+ 35. Qxc4 Rxc4 36. Kxc4 Kf8 37. Kc5 Ke7 0-1

[Event "HUN-chT2 9899"]
[Site "Hungary"]
[Date "1999.??.??"]
[Round "?"]
[White "Antal, Sebestyen Jr"]
[Black "Gyurkovics, Miklos"]
[Result "1-0"]
[WhiteElo "2330"]
[BlackElo "2240"]
[PlyCount "105"]
[EventDate "1998.??.??"]
[EventType "team"]
[EventRounds "12"]
[EventCountry "HUN"]
[SourceTitle "EXT 2000"]
[Source "ChessBase"]
[SourceDate "1999.11.16"]
[SourceVersion "1"]
[SourceVersionDate "1999.11.16"]
[SourceQuality "1"]

1. e4 c5 2. Nf3 Nc6 3. d4 cxd4 4. Nxd4 Nf6 5. Nc3 e5 6. Ndb5 h6 7. Nd5 Nxd5 8. exd5 a6 9. dxc6 axb5 10. cxd7+ Bxd7 11. Bd3 Bc6 12. 0-0 Qd5 13. Qg4 h5 14. Qh3 g6 15. Re1 Bg7 16. Be4 Qd7 17. Qf3 0-0 18. Bg5 Qe6 19. a3 f5 20. Bxc6 bxc6 21. c3 Ra4 22. h3 e4 23. Qe3 Rc4 24. Rad1 Qf7 25. Bf4 g5 26. Bxg5 f4 27. Qd2 Qf5 28. h4 e3 29. fxe3 f3 30. Bf4 Qg4 31. Qf2 fxg2 32. Qxg2 Qxh4 33. Re2 Rf6 34. Rd7 Qg4 35. Qxg4 hxg4 36. Be5 Rf7 37. Rd8+ Kh7 38. Rh2+ Kg6 39. Rg8 Re4 40. Bxg7 Rxg7 41. Rxg7+ Kxg7 42. Kf2 g3+ 43. Kxg3 Rxe3+ 44. Kf4 Re1 45. Kf5 Kf7 46. Rh7+ Ke8 47. Rc7 Re2 48. b4 Ra2 49. Ke6 Kd8 50. Rxc6 Rxa3 51. Kd5 Kd7 52. Rc5 Rb3 53. Kd4 1-0

[Event "Budapest FS02 IM"]
[Site "Budapest"]
[Date "1998.02.14"]
[Round "8"]
[White "Antal, Sebestyen Jr"]
[Black "Dolgener, Tobias"]
[Result "0-1"]
[WhiteElo "2330"]
[BlackElo "2270"]
[PlyCount "80"]
[EventDate "1998.02.07"]
[EventType "tourn"]
[EventRounds "13"]
[EventCountry "HUN"]
[EventCategory "2"]
[SourceTitle "CBM 062 Extra"]
[Source "ChessBase"]
[SourceDate "1998.03.09"]
[SourceVersion "1"]
[SourceVersionDate "1998.03.09"]
[SourceQuality "1"]

1. e4 c5 2. Nf3 Nc6 3. d4 cxd4 4. Nxd4 Nf6 5. Nc3 Qb6 6. Nb3 e6 7. Be3 Qc7 8. Bd3 Bb4 9. 0-0 Bxc3 10. bxc3 d5 11. exd5 Nxd5 12. Bc5 b6 13. Ba3 Bb7 14. c4 Nf4 15. Be4 Rd8 16. Qe1 f6 17. Qe3 Kf7 18. c5 f5 19. cxb6 axb6 20. Bf3 Rhe8 21. Bb2 e5 22. g3 Ng6 23. Rad1 Ba6 24. Rfe1 Nb4 25. Qg5 Bc8 26. Ba3 Nxc2 27. Rc1 Qc3 28. Re3 Qxe3 29. fxe3 Nxa3 30. e4 f4 31. Rc7+ Kg8 32. h4 Nb5 33. Rc6 Rd3 34. Kg2 fxg3 35. Rxg6 hxg6 36. Qxg6 Rf8 37. Qc6 Rfxf3 38. Qxb5 Rf2+ 39. Kg1 Bh3 40. Nd2 Rdxd2 0-1

[Event "Budapest FS02 IM"]
[Site "Budapest"]
[Date "1998.02.11"]
[Round "5"]
[White "Gara, Anita"]
[Black "Antal, Sebestyen Jr"]
[Result "0-1"]
[WhiteElo "2285"]
[BlackElo "2330"]
[PlyCount "108"]
[EventDate "1998.02.07"]
[EventType "tourn"]
[EventRounds "13"]
[EventCountry "HUN"]
[EventCategory "2"]
[SourceTitle "CBM 062 Extra"]
[Source "ChessBase"]
[SourceDate "1998.03.09"]
[SourceVersion "1"]
[SourceVersionDate "1998.03.09"]
[SourceQuality "1"]

1. e4 c5 2. Nf3 d6 3. d4 cxd4 4. Nxd4 Nf6 5. Nc3 g6 6. Be3 Bg7 7. f3 Nc6 8. Qd2 0-0 9. g4 Ne5 10. h3 Qc7 11. Qe2 Be6 12. Nxe6 fxe6 13. f4 Nc6 14. 0-0-0 b5 15. Nxb5 Qb7 16. Qc4 d5 17. exd5 exd5 18. Qb3 Rab8 19. g5 Nh5 20. Qxd5+ Kh8 21. b3 Rf5 22. Qd7 Rxb5 23. Bxb5 Qxb5 24. Rd5 Qe2 25. Bd2 Qf3 26. Re1 Nxf4 27. Rc5 Ne2+ 28. Kb1 Nc3+ 29. Bxc3 Bxc3 30. Rd1 Rd8 31. Qxd8+ Nxd8 32. Rxd8+ Kg7 33. Rcd5 Qxh3 34. Rd1 Qg4 35. R8d5 h5 36. gxh6+ Kxh6 37. R5d3 Bf6 38. c4 Qe2 39. R1d2 Qe1+ 40. Kc2 Bg5 41. Rd1 Qe2+ 42. Kb1 Bf6 43. R1d2 Qe5 44. Kc2 g5 45. Rd5 Qa1 46. Kd3 g4 47. Ke2 Bc3 48. Rc2 Qe1+ 49. Kd3 Bf6 50. Re2 Qf1 51. Rd8 g3 52. Rg8 Bg7 53. Kd2 g2 54. Re6+ Kh7 0-1